[Event "Aleksandria Cup"]
[Site "?"]
[Date "2015.07.19"]
[Round "8.12"]
[White "Vardanian, Haik G."]
[Black "Pourramezanali, Amirreza"]
[Result "1/2-1/2"]
[LiveChessVersion "1.3.1"]
[BlackElo "2441"]
[WhiteElo "2301"]

1. c4 {[%clk 1:30:52]} c6 {[%clk 1:30:53]} 2. e4 {[%clk 1:30:04]} d5
{[%clk 1:31:18]} 3. exd5 {[%clk 1:29:47]} cxd5 {[%clk 1:31:46]} 4. Nf3
{[%clk 1:28:47]} Nf6 {[%clk 1:32:05]} 5. d4 {[%clk 1:27:42]} g6 {[%clk 1:32:31]}
6. Nc3 {[%clk 1:27:42]} Bg7 {[%clk 1:32:57]} 7. Qb3 {[%clk 1:25:55]} O-O
{[%clk 1:30:39]} 8. cxd5 {[%clk 1:25:08]} Nbd7 {[%clk 1:30:18]} 9. a4
{[%clk 1:23:12]} Nb6 {[%clk 1:30:03]} 10. a5 {[%clk 1:23:13]} Nbxd5
{[%clk 1:30:19]} 11. Bc4 {[%clk 1:23:30]} Be6 {[%clk 1:16:18]} 12. Ng5
{[%clk 1:19:06]} Qd7 {[%clk 1:04:45]} 13. O-O {[%clk 1:16:27]} Nc7
{[%clk 1:01:22]} 14. Nxe6 Nxe6 {[%clk 1:01:38]} 15. d5 {[%clk 1:08:38]} Nd4
{[%clk 0:59:03]} 16. Qa4 {[%clk 1:06:30]} Qc7 {[%clk 0:43:12]} 17. h3
{[%clk 1:03:50]} Rac8 {[%clk 0:42:39]} 18. Bd3 {[%clk 1:03:22]} Qc5
{[%clk 0:39:39]} 19. Be3 {[%clk 0:58:29]} Nxd5 {[%clk 0:39:54]} 20. Nxd5
{[%clk 0:49:31]} Qxd5 {[%clk 0:40:08]} 21. Rad1 {[%clk 0:49:17]} Rfd8
{[%clk 0:39:44]} 22. Rfe1 {[%clk 0:46:01]} e6 {[%clk 0:37:11]} 23. b4
{[%clk 0:43:07]} a6 {[%clk 0:31:27]} 24. Bf1 {[%clk 0:35:45]} Qh5
{[%clk 0:29:06]} 25. Rc1 {[%clk 0:32:27]} Rxc1 {[%clk 0:22:02]} 26. Rxc1
{[%clk 0:31:05]} Ne2+ {[%clk 0:14:57]} 27. Bxe2 {[%clk 0:31:07]} Qxe2
{[%clk 0:15:26]} 28. Bb6 {[%clk 0:29:52]} Qd2 {[%clk 0:14:51]} 29. Be3
{[%clk 0:24:20]} Qd5 {[%clk 0:15:02]} 30. Bb6 {[%clk 0:21:25]} Qd2
{[%clk 0:15:26]} 31. Be3 {[%clk 0:21:20]} Qb2 {[%clk 0:15:37]} 32. Qc2
{[%clk 0:05:53]} Qxc2 {[%clk 0:12:45]} 33. Rxc2 {[%clk 0:06:19]} Rd1+
{[%clk 0:13:11]} 34. Kh2 {[%clk 0:06:47]} Be5+ {[%clk 0:13:35]} 35. g3
{[%clk 0:05:57]} Kg7 {[%clk 0:13:48]} 36. Rc8 {[%clk 0:05:37]} Bd6
{[%clk 0:12:15]} 37. b5 {[%clk 0:03:44]} axb5 {[%clk 0:06:46]} 38. Ra8
{[%clk 0:04:08]} b4 {[%clk 0:06:43]} 39. Ra7 {[%clk 0:04:30]} Rd5
{[%clk 0:07:08]} 40. Bb6 {[%clk 0:34:24]} Rb5 {[%clk 0:37:04]} 41. Rxb7
{[%clk 0:33:55]} Bc5 {[%clk 0:36:22]} 42. Rb8 {[%clk 0:29:53]} b3
{[%clk 0:34:00]} 43. a6 {[%clk 0:30:09]} b2 {[%clk 0:33:11]} 44. a7
{[%clk 0:30:22]} b1=Q {[%clk 0:32:34]} 45. a8=Q {[%clk 0:30:44]} Rxb6
{[%clk 0:31:51]} 46. Rg8+ {[%clk 0:31:01]} Kh6 {[%clk 0:27:56]} 47. Qd8
{[%clk 0:30:09]} Qb4 {[%clk 0:22:46]} 48. h4 {[%clk 0:28:45]} Be7
{[%clk 0:22:47]} 49. Qc7 {[%clk 0:25:28]} Rb5 {[%clk 0:16:40]} 50. Kh3
{[%clk 0:12:48]} Qe4 {[%clk 0:14:57]} 51. Qc1+ {[%clk 0:09:24]} g5
{[%clk 0:15:10]} 52. hxg5+ {[%clk 0:09:03]} Rxg5 {[%clk 0:15:14]} 53. Kh2
{[%clk 0:08:07]} Qf5 {[%clk 0:15:17]} 54. Kg2 {[%clk 0:07:29]} Bc5
{[%clk 0:15:36]} 55. Qh1+ {[%clk 0:07:30]} Rh5 {[%clk 0:15:12]} 56. Qc1+
{[%clk 0:07:45]} Be3 {[%clk 0:14:18]} 57. Qxe3+ {[%clk 0:08:00]} Rg5
{[%clk 0:14:44]} 58. f3 {[%clk 0:06:20]} Qe5 {[%clk 0:12:36]} 59. Qxe5
{[%clk 0:04:26]} Rxe5 {[%clk 0:12:53]} 60. f4 {[%clk 0:04:40]} Rb5
{[%clk 0:13:15]} 61. Kh3 {[%clk 0:03:10]} Rb3 {[%clk 0:13:19]} 62. Kh4
{[%clk 0:02:51]} Rb4 {[%clk 0:13:37]} 63. Kh3 {[%clk 0:02:38]} Re4
{[%clk 0:14:04]} 64. Kg2 {[%clk 0:02:02]} f6 {[%clk 0:14:13]} 65. Kf3
{[%clk 0:02:12]} Rb4 {[%clk 0:14:36]} 66. Kg4 {[%clk 0:01:37]} Rb7
{[%clk 0:14:25]} 67. Re8 {[%clk 0:01:37]} Rb6 {[%clk 0:14:49]} 68. Rg8
{[%clk 0:02:00]} Ra6 {[%clk 0:15:07]} 69. Kh4 {[%clk 0:02:05]} Ra1
{[%clk 0:15:04]} 70. Kh3 {[%clk 0:01:45]} Re1 {[%clk 0:14:35]} 71. Kg4
{[%clk 0:02:00]} Re3 {[%clk 0:15:01]} 72. Kh4 {[%clk 0:02:05]} f5
{[%clk 0:12:24]} 73. Kh3 {[%clk 0:01:49]} Re2 {[%clk 0:12:46]} 74. Rg5
{[%clk 0:02:01]} Re4 {[%clk 0:12:31]} 75. Rg8 {[%clk 0:02:25]} e5
{[%clk 0:12:57]} 76. fxe5 {[%clk 0:02:46]} Rxe5 {[%clk 0:13:26]} 77. g4
{[%clk 0:01:50]} Re3+ {[%clk 0:11:17]} 78. Kh4 {[%clk 0:02:00]} Re4
{[%clk 0:11:41]} 79. Rg5 {[%clk 0:02:11]} f4 {[%clk 0:11:16]} 80. Rg8
{[%clk 0:02:26]} f3 {[%clk 0:11:39]} 81. Kg3 {[%clk 0:02:40]} Rf4
{[%clk 0:10:28]} 82. Kf2 {[%clk 0:01:40]} Rf7 {[%clk 0:10:57]} 83. Kf1
{[%clk 0:01:05]} f2 {[%clk 0:08:39]} 84. Re8 {[%clk 0:01:21]} Kg5
{[%clk 0:09:04]} 85. Re2 {[%clk 0:01:45]} Kxg4 {[%clk 0:09:31]} 86. Rxf2
{[%clk 0:02:09]} Rb7 {[%clk 0:09:58]} 87. Kg2 {[%clk 0:02:26]} 1/2-1/2

[Event "Aleksandria Cup"]
[Site "?"]
[Date "2015.07.19"]
[Round "8.13"]
[White "Pirverdiyev, Agil"]
[Black "Jobava, Baadur"]
[Result "1/2-1/2"]
[LiveChessVersion "1.3.1"]
[BlackElo "2693"]
[WhiteElo "2313"]

1. e4 {[%clk 1:30:40]} c6 {[%clk 1:20:11]} 2. d4 {[%clk 1:31:02]} d5
{[%clk 1:20:37]} 3. e5 {[%clk 1:31:28]} c5 {[%clk 1:19:38]} 4. c3
{[%clk 1:30:46]} Nc6 {[%clk 1:19:58]} 5. Nf3 {[%clk 1:28:09]} cxd4
{[%clk 1:18:10]} 6. cxd4 {[%clk 1:26:01]} Bg4 {[%clk 1:18:17]} 7. Be2
{[%clk 1:24:25]} e6 {[%clk 1:18:34]} 8. Nbd2 {[%clk 1:11:38]} Bb4
{[%clk 1:05:38]} 9. O-O {[%clk 1:06:29]} Bxd2 {[%clk 1:06:03]} 10. Qxd2
{[%clk 1:06:47]} Nge7 {[%clk 1:06:28]} 11. b3 {[%clk 1:05:40]} O-O
{[%clk 1:06:04]} 12. Bb2 {[%clk 1:04:42]} a5 {[%clk 1:05:57]} 13. h3
{[%clk 0:53:18]} Bxf3 {[%clk 1:04:54]} 14. Bxf3 {[%clk 0:53:42]} b5
{[%clk 1:05:10]} 15. Be2 {[%clk 0:52:29]} Qb6 {[%clk 1:04:07]} 16. a3
{[%clk 0:50:12]} Rfc8 {[%clk 1:03:22]} 17. Rac1 {[%clk 0:47:45]} b4
{[%clk 1:02:20]} 18. a4 {[%clk 0:42:55]} Rc7 {[%clk 1:02:45]} 19. Bd3
{[%clk 0:40:26]} Rac8 {[%clk 1:00:25]} 20. Bb1 {[%clk 0:39:08]} Nf5
{[%clk 0:58:08]} 21. Rfd1 {[%clk 0:31:12]} Ncxd4 {[%clk 0:36:44]} 22. Rxc7
{[%clk 0:30:45]} Rxc7 {[%clk 0:37:11]} 23. Qd3 {[%clk 0:31:10]} g6
{[%clk 0:37:31]} 24. g4 {[%clk 0:29:52]} Nh4 {[%clk 0:37:57]} 25. Bxd4
{[%clk 0:29:36]} Qxd4 {[%clk 0:38:23]} 26. Qxd4 {[%clk 0:29:55]} Nf3+
{[%clk 0:38:50]} 27. Kg2 {[%clk 0:30:16]} Nxd4 {[%clk 0:39:19]} 28. Rxd4
{[%clk 0:30:40]} Rc3 {[%clk 0:39:47]} 29. Bd3 {[%clk 0:29:47]} Rxb3
{[%clk 0:40:12]} 30. Bb5 {[%clk 0:29:59]} g5 {[%clk 0:39:35]} 31. Rd3
{[%clk 0:20:54]} Ra3 {[%clk 0:37:15]} 32. Rd2 {[%clk 0:18:20]} Kg7
{[%clk 0:36:25]} 33. Rc2 {[%clk 0:18:15]} h6 {[%clk 0:28:46]} 34. Rc7
{[%clk 0:16:08]} Kf8 {[%clk 0:27:30]} 35. Rc8+ {[%clk 0:15:43]} Kg7
{[%clk 0:27:56]} 36. Rc7 {[%clk 0:15:05]} Kf8 {[%clk 0:28:22]} 37. Rc8+
{[%clk 0:15:01]} 1/2-1/2

[Event "Aleksandria Cup"]
[Site "?"]
[Date "2015.07.19"]
[Round "8.14"]
[White "Beradze, Irakli"]
[Black "Ghvamberia, Nika"]
[Result "1/2-1/2"]
[LiveChessVersion "1.3.1"]
[BlackElo "2133"]
[WhiteElo "2375"]

1. d4 {[%clk 1:21:53]} Nf6 {[%clk 1:30:52]} 2. c4 {[%clk 1:22:02]} e6
{[%clk 1:31:03]} 3. Nf3 {[%clk 1:22:26]} b6 {[%clk 1:31:31]} 4. a3
{[%clk 1:22:49]} Bb7 {[%clk 1:31:32]} 5. Nc3 {[%clk 1:23:12]} d5 {[%clk 1:31:50]}
6. Qc2 {[%clk 1:22:59]} Be7 {[%clk 1:31:12]} 7. cxd5 {[%clk 1:19:22]} Nxd5
{[%clk 1:30:37]} 8. Bd2 {[%clk 1:11:40]} O-O {[%clk 1:29:01]} 9. e4
{[%clk 1:08:52]} Nxc3 {[%clk 1:27:20]} 10. Bxc3 {[%clk 0:59:34]} Qc8
{[%clk 1:17:14]} 11. Bd3 {[%clk 0:54:15]} c5 {[%clk 1:10:46]} 12. dxc5
{[%clk 0:52:52]} Qxc5 {[%clk 0:54:01]} 13. O-O {[%clk 0:45:44]} Nd7
{[%clk 0:51:55]} 14. Rac1 {[%clk 0:23:21]} Qh5 {[%clk 0:45:33]} 15. b4
{[%clk 0:23:27]} Bf6 {[%clk 0:37:22]} 16. Qe2 {[%clk 0:15:09]} Bxc3
{[%clk 0:34:13]} 17. Rxc3 {[%clk 0:15:37]} Ne5 {[%clk 0:30:43]} 18. Rc7
{[%clk 0:13:41]} Nxf3+ {[%clk 0:29:52]} 19. Qxf3 {[%clk 0:14:08]} Qxf3
{[%clk 0:30:04]} 20. gxf3 {[%clk 0:14:36]} Rab8 {[%clk 0:30:15]} 21. Rfc1
{[%clk 0:10:29]} Rfd8 {[%clk 0:21:12]} 22. Be2 {[%clk 0:08:47]} Kf8
{[%clk 0:21:08]} 23. Rd1 {[%clk 0:08:11]} Rxd1+ {[%clk 0:20:14]} 24. Bxd1
{[%clk 0:08:38]} a5 {[%clk 0:18:41]} 25. Be2 {[%clk 0:08:32]} axb4
{[%clk 0:18:10]} 26. axb4 {[%clk 0:09:01]} Ba8 {[%clk 0:14:37]} 27. Bc4
{[%clk 0:07:23]} Re8 {[%clk 0:10:19]} 28. Kg2 Bc6 29. Ra7 Ba8 30. Rc7 Rd8 31. Bb5
1/2-1/2

[Event "Aleksandria Cup"]
[Site "?"]
[Date "2015.07.19"]
[Round "8.15"]
[White "Mgeladze, Tamaz"]
[Black "Khazhomia, Salome"]
[Result "1-0"]
[LiveChessVersion "1.3.1"]
[BlackElo "2099"]
[WhiteElo "2337"]

1. c4 {[%clk 1:30:58]} Nf6 {[%clk 1:22:06]} 2. g3 {[%clk 1:30:35]} e6
{[%clk 1:21:45]} 3. Bg2 {[%clk 1:30:55]} d5 {[%clk 1:21:44]} 4. Nf3
{[%clk 1:31:20]} d4 {[%clk 1:22:00]} 5. d3 {[%clk 1:30:51]} c5 {[%clk 1:22:00]}
6. e3 {[%clk 1:28:49]} Nc6 {[%clk 1:21:59]} 7. exd4 {[%clk 1:29:12]} cxd4
{[%clk 1:22:18]} 8. O-O {[%clk 1:29:35]} Bd6 {[%clk 1:22:26]} 9. Na3
{[%clk 1:28:43]} e5 {[%clk 1:16:51]} 10. Re1 {[%clk 1:26:21]} O-O
{[%clk 1:12:47]} 11. c5 {[%clk 1:18:24]} Bc7 {[%clk 1:05:17]} 12. Nc4
{[%clk 1:11:17]} Re8 {[%clk 1:02:21]} 13. Bg5 {[%clk 1:11:31]} h6
{[%clk 0:59:34]} 14. Bxf6 {[%clk 1:11:35]} Qxf6 {[%clk 0:59:24]} 15. b4
{[%clk 1:01:19]} Nxb4 {[%clk 0:44:45]} 16. Nxd4 {[%clk 1:00:49]} Bg4
{[%clk 0:33:57]} 17. Qxg4 {[%clk 0:56:14]} exd4 {[%clk 0:33:56]} 18. Qd7
{[%clk 0:52:54]} Rxe1+ {[%clk 0:23:05]} 19. Rxe1 {[%clk 0:53:04]} Qd8
{[%clk 0:19:09]} 20. Re7 {[%clk 0:50:03]} Na6 {[%clk 0:16:14]} 21. Bxb7
{[%clk 0:47:20]} Nxc5 {[%clk 0:15:09]} 22. Qxc7 {[%clk 0:47:26]} Nxb7
{[%clk 0:15:30]} 23. Qxb7 {[%clk 0:47:45]} Rb8 {[%clk 0:15:54]} 24. Qe4
{[%clk 0:47:26]} 1-0

[Event "Aleksandria Cup"]
[Site "?"]
[Date "2015.07.19"]
[Round "8.16"]
[White "Hayrapetyan, Artavazd R."]
[Black "Rozhko, Dmitry"]
[Result "1-0"]
[LiveChessVersion "1.3.1"]
[BlackElo "2349"]
[WhiteElo "2289"]

1. d4 {[%clk 1:30:58]} d5 {[%clk 1:30:54]} 2. Nf3 {[%clk 1:30:53]} c5
{[%clk 1:30:16]} 3. c4 {[%clk 1:29:59]} cxd4 {[%clk 1:23:29]} 4. cxd5
{[%clk 1:28:22]} Nf6 {[%clk 1:23:10]} 5. Nxd4 {[%clk 1:28:46]} Nxd5
{[%clk 1:19:09]} 6. e4 {[%clk 1:21:51]} Nb4 {[%clk 1:17:19]} 7. Qa4+
{[%clk 1:19:26]} N4c6 {[%clk 1:16:11]} 8. Nxc6 {[%clk 1:18:48]} Nxc6
{[%clk 1:16:29]} 9. Nc3 {[%clk 1:19:11]} e6 {[%clk 1:15:05]} 10. Be3
{[%clk 1:19:11]} Bb4 {[%clk 1:11:39]} 11. Be2 {[%clk 1:08:01]} O-O
{[%clk 1:04:27]} 12. O-O {[%clk 1:08:17]} Qe7 {[%clk 1:03:51]} 13. Rac1
{[%clk 1:07:29]} Bd7 {[%clk 1:01:28]} 14. a3 {[%clk 1:05:51]} Ba5
{[%clk 0:55:09]} 15. Qb3 {[%clk 1:02:30]} Rfd8 {[%clk 0:49:35]} 16. Nb5
{[%clk 0:58:15]} Bb6 {[%clk 0:46:04]} 17. Bxb6 {[%clk 0:56:46]} axb6
{[%clk 0:43:23]} 18. Qe3 {[%clk 0:56:55]} Qf6 {[%clk 0:35:50]} 19. Rc2
{[%clk 0:53:37]} Ra4 {[%clk 0:28:31]} 20. Qxb6 {[%clk 0:47:27]} Rxe4
{[%clk 0:28:11]} 21. Nd6 {[%clk 0:47:40]} Rh4 {[%clk 0:26:02]} 22. Nxb7
{[%clk 0:47:23]} Rf8 {[%clk 0:22:44]} 23. Rxc6 {[%clk 0:38:27]} Bxc6
{[%clk 0:22:31]} 24. Qxc6 {[%clk 0:38:51]} Qxb2 {[%clk 0:22:58]} 25. Qa6
{[%clk 0:37:32]} e5 {[%clk 0:18:09]} 26. a4 {[%clk 0:34:53]} Rb4 {[%clk 0:16:37]}
27. Bb5 {[%clk 0:34:32]} e4 {[%clk 0:15:50]} 28. Qd6 {[%clk 0:34:15]} Rc8
{[%clk 0:10:45]} 29. Qd7 {[%clk 0:32:19]} Rf8 {[%clk 0:10:14]} 30. Qe7
{[%clk 0:32:35]} Qd4 {[%clk 0:10:03]} 31. Nd6 {[%clk 0:29:32]} Qc5
{[%clk 0:09:58]} 32. Be8 {[%clk 0:29:35]} Rb8 {[%clk 0:09:07]} 33. Bxf7+
{[%clk 0:29:58]} Kh8 {[%clk 0:09:32]} 34. Ba2 {[%clk 0:29:13]} Qc2
{[%clk 0:08:25]} 35. Nf7+ {[%clk 0:29:38]} Kg8 {[%clk 0:08:48]} 36. Be6
{[%clk 0:29:38]} 1-0

[Event "Aleksandria Cup"]
[Site "?"]
[Date "2015.07.19"]
[Round "8.17"]
[White "Kasoshvili, Tsiala"]
[Black "Morchiachishvili, Bachana"]
[Result "0-1"]
[LiveChessVersion "1.3.1"]
[BlackElo "2332"]
[WhiteElo "2178"]

1. d4 {[%clk 1:30:30]} Nf6 {[%clk 1:07:23]} 2. Nf3 {[%clk 1:30:51]} g6
{[%clk 1:07:40]} 3. c4 {[%clk 1:30:36]} Bg7 {[%clk 1:07:55]} 4. g3
{[%clk 1:31:01]} O-O {[%clk 1:08:13]} 5. Bg2 {[%clk 1:31:27]} d6 {[%clk 1:08:30]}
6. Nc3 {[%clk 1:31:39]} Nbd7 {[%clk 1:08:54]} 7. O-O {[%clk 1:31:39]} e5
{[%clk 1:09:19]} 8. h3 {[%clk 1:29:39]} c6 {[%clk 1:09:17]} 9. dxe5
{[%clk 1:27:33]} dxe5 {[%clk 1:08:24]} 10. Be3 {[%clk 1:27:58]} Qe7
{[%clk 1:07:59]} 11. Rb1 {[%clk 1:05:10]} a5 {[%clk 1:07:41]} 12. Qa4
{[%clk 1:03:57]} Ra6 {[%clk 1:04:03]} 13. Nd2 {[%clk 1:02:10]} Re8
{[%clk 1:03:52]} 14. Nb3 {[%clk 0:59:36]} Qd8 {[%clk 0:50:52]} 15. Rfd1
{[%clk 0:57:00]} Qc7 {[%clk 0:50:16]} 16. c5 {[%clk 0:53:42]} Bf8
{[%clk 0:45:45]} 17. Qh4 {[%clk 0:48:25]} Be7 {[%clk 0:43:38]} 18. Bg5
{[%clk 0:41:11]} Kg7 {[%clk 0:42:11]} 19. Ne4 {[%clk 0:37:05]} Nxe4
{[%clk 0:39:59]} 20. Bxe7 {[%clk 0:34:41]} f6 {[%clk 0:39:50]} 21. Qxe4
{[%clk 0:26:04]} Rxe7 {[%clk 0:39:03]} 22. Rbc1 {[%clk 0:26:32]} Nf8
{[%clk 0:38:00]} 23. Qa4 {[%clk 0:21:27]} Be6 {[%clk 0:37:28]} 24. Nd2
{[%clk 0:19:52]} f5 {[%clk 0:27:43]} 25. e4 {[%clk 0:17:22]} Ra8 {[%clk 0:24:43]}
26. exf5 {[%clk 0:14:55]} gxf5 {[%clk 0:25:04]} 27. Nc4 {[%clk 0:15:15]} Bxc4
{[%clk 0:25:23]} 28. Qxc4 {[%clk 0:15:44]} Rd8 {[%clk 0:24:35]} 29. Rxd8
{[%clk 0:14:07]} Qxd8 {[%clk 0:24:56]} 30. Qc2 {[%clk 0:14:30]} Rf7
{[%clk 0:23:35]} 31. Qc3 {[%clk 0:14:05]} Qd4 {[%clk 0:21:07]} 32. Qc2
{[%clk 0:08:52]} Ne6 {[%clk 0:20:34]} 33. h4 {[%clk 0:09:06]} f4 {[%clk 0:19:50]}
34. Qc3 {[%clk 0:05:44]} fxg3 {[%clk 0:19:00]} 35. Qxg3+ {[%clk 0:06:09]} Kh8
{[%clk 0:18:13]} 36. Qe3 {[%clk 0:02:26]} Nf4 {[%clk 0:15:56]} 37. Qxd4
{[%clk 0:02:00]} exd4 {[%clk 0:16:23]} 38. Bf1 {[%clk 0:02:22]} Kg7
{[%clk 0:13:53]} 39. Rd1 {[%clk 0:01:42]} Rd7 {[%clk 0:14:13]} 40. Bc4
{[%clk 0:01:15]} Kf6 {[%clk 0:44:14]} 41. Kh2 {[%clk 0:00:00]} d3
{[%clk 0:43:39]} 42. Kg3 {[%clk 0:27:38]} Ke5 {[%clk 0:43:23]} 43. Kf3
{[%clk 0:25:59]} Rd4 {[%clk 0:43:04]} 44. b3 {[%clk 0:25:14]} a4 {[%clk 0:42:09]}
45. Re1+ {[%clk 0:20:02]} Kf5 {[%clk 0:42:21]} 46. Rd1 {[%clk 0:19:35]} h5
{[%clk 0:41:21]} 47. Ke3 {[%clk 0:17:32]} Re4+ {[%clk 0:41:06]} 48. Kf3
{[%clk 0:17:53]} Ke5 {[%clk 0:40:39]} 49. Bxd3 {[%clk 0:16:21]} Nxd3
{[%clk 0:41:02]} 50. Rxd3 {[%clk 0:16:49]} Rxh4 {[%clk 0:41:22]} 51. Kg3
{[%clk 0:13:01]} Rg4+ {[%clk 0:40:13]} 52. Kh3 {[%clk 0:09:05]} Rd4
{[%clk 0:39:33]} 53. Rg3 {[%clk 0:06:41]} Rd2 {[%clk 0:38:52]} 54. bxa4
{[%clk 0:04:54]} Rxf2 {[%clk 0:38:49]} 55. Rg7 {[%clk 0:04:12]} Rxa2
{[%clk 0:38:34]} 56. Rxb7 {[%clk 0:03:58]} Rxa4 {[%clk 0:38:55]} 57. Rh7
{[%clk 0:04:15]} Rc4 {[%clk 0:37:45]} 58. Rxh5+ {[%clk 0:03:57]} Kd4
{[%clk 0:37:38]} 59. Kg3 {[%clk 0:03:31]} Rxc5 {[%clk 0:38:02]} 60. Rh8
{[%clk 0:03:56]} Rf5 {[%clk 0:38:21]} 61. Rd8+ {[%clk 0:04:03]} Kc4
{[%clk 0:37:32]} 62. Kg4 {[%clk 0:04:21]} Rf1 {[%clk 0:37:55]} 63. Rd7
{[%clk 0:04:43]} c5 {[%clk 0:38:21]} 64. Kg3 {[%clk 0:04:53]} Kc3
{[%clk 0:38:44]} 65. Kg2 {[%clk 0:04:40]} Rf8 {[%clk 0:38:50]} 66. Kg1
{[%clk 0:03:57]} c4 {[%clk 0:39:00]} 67. Rc7 {[%clk 0:04:00]} Kd3
{[%clk 0:39:25]} 68. Rd7+ {[%clk 0:04:25]} Kc2 {[%clk 0:39:51]} 69. Kg2
{[%clk 0:04:31]} c3 {[%clk 0:40:17]} 70. Rd6 {[%clk 0:04:32]} Kc1
{[%clk 0:40:42]} 71. Rd7 {[%clk 0:04:14]} c2 {[%clk 0:41:07]} 72. Rd6
{[%clk 0:04:36]} Rb8 {[%clk 0:41:30]} 73. Kf2 {[%clk 0:04:16]} Kb1
{[%clk 0:41:48]} 0-1

[Event "Aleksandria Cup"]
[Site "?"]
[Date "2015.07.19"]
[Round "8.18"]
[White "Vakhania, Alexandra"]
[Black "Firouzja, Alireza"]
[Result "0-1"]
[LiveChessVersion "1.3.1"]
[BlackElo "2277"]
[WhiteElo "2178"]

1. Nf3 {[%clk 1:29:57]} g6 {[%clk 1:30:05]} 2. e4 c5 3. d4 {[%clk 1:27:52]} cxd4
{[%clk 1:30:29]} 4. Nxd4 {[%clk 1:28:20]} Bg7 {[%clk 1:30:47]} 5. Nc3
{[%clk 1:28:38]} d6 6. Be3 {[%clk 1:27:59]} Nf6 {[%clk 1:31:10]} 7. f3
{[%clk 1:28:26]} Nc6 {[%clk 1:30:46]} 8. Nb3 {[%clk 1:28:09]} Bd7
{[%clk 1:28:40]} 9. Qd2 {[%clk 1:28:15]} h5 {[%clk 1:26:40]} 10. h4
{[%clk 1:27:59]} Ne5 {[%clk 1:23:53]} 11. O-O-O {[%clk 1:26:15]} a6
{[%clk 1:23:26]} 12. Nd5 {[%clk 1:26:22]} Nxd5 {[%clk 1:23:13]} 13. exd5
{[%clk 1:24:38]} b5 {[%clk 1:21:01]} 14. Bd4 {[%clk 1:25:03]} Bh6
{[%clk 1:20:54]} 15. f4 {[%clk 1:25:12]} O-O {[%clk 1:20:59]} 16. Kb1
{[%clk 1:18:42]} Rc8 {[%clk 1:19:59]} 17. Bc3 {[%clk 1:16:41]} Ng4
{[%clk 1:20:12]} 18. Qd4 {[%clk 1:12:21]} Rxc3 19. Qxc3 {[%clk 1:12:48]} Nf2
{[%clk 1:20:29]} 20. Bd3 {[%clk 1:12:42]} Bg4 {[%clk 1:19:40]} 21. Rdf1
{[%clk 1:13:11]} Nxh1 {[%clk 1:19:58]} 22. Rxh1 {[%clk 1:13:33]} Bxf4
{[%clk 1:20:02]} 23. Qd4 {[%clk 1:13:33]} Be5 {[%clk 1:20:19]} 24. Qa7
{[%clk 1:07:07]} Qa8 {[%clk 1:20:36]} 25. Qxe7 {[%clk 1:07:07]} Qxd5
{[%clk 1:11:21]} 26. Rg1 {[%clk 0:58:59]} a5 {[%clk 1:10:13]} 27. Re1
{[%clk 0:56:05]} a4 {[%clk 1:10:22]} 28. Be4 {[%clk 0:56:28]} Qc4
{[%clk 1:05:59]} 29. Bd3 {[%clk 0:51:27]} Qc8 {[%clk 1:05:37]} 30. Nc1
{[%clk 0:49:43]} a3 31. Rxe5 {[%clk 0:50:10]} dxe5 {[%clk 1:06:01]} 32. Qxe5
{[%clk 0:49:25]} axb2 {[%clk 1:06:32]} 33. Kxb2 b4 {[%clk 1:06:41]} 34. Nb3
{[%clk 0:48:42]} Qc6 {[%clk 1:03:36]} 35. Nc5 Re8 {[%clk 1:03:54]} 36. Qd4
{[%clk 0:35:59]} Qb6 {[%clk 1:01:35]} 37. Nb3 Qb7 {[%clk 1:01:52]} 38. Nc5
{[%clk 0:30:40]} Qa7 39. Qxb4 {[%clk 1:00:11]} Rb8 {[%clk 1:00:42]} 40. Bb5
{[%clk 0:52:31]} Be2 {[%clk 1:30:04]} 41. a4 {[%clk 0:33:56]} Qe7
{[%clk 1:23:10]} 42. Ka3 {[%clk 0:24:22]} Qe3+ {[%clk 1:21:49]} 43. Nd3
{[%clk 0:20:43]} Bd1 {[%clk 1:19:43]} 44. Qe1 {[%clk 0:06:48]} Qa7
{[%clk 1:15:21]} 45. Nb4 {[%clk 0:04:05]} Qd4 {[%clk 1:14:22]} 46. c3
{[%clk 0:02:35]} Qd6 47. Be2 {[%clk 0:03:04]} Bxe2 {[%clk 1:14:40]} 48. Qxe2
{[%clk 0:03:07]} Qc5 {[%clk 1:15:08]} 49. Kb3 {[%clk 0:03:23]} Rc8
{[%clk 1:14:18]} 50. Qd3 {[%clk 0:03:11]} Qe5 {[%clk 1:13:58]} 51. g3
{[%clk 0:02:32]} Rb8 {[%clk 1:14:09]} 52. Ka3 {[%clk 0:02:15]} Qe1
{[%clk 1:13:52]} 53. Kb3 Qa1 54. Qd7 {[%clk 0:01:36]} Qb1+ {[%clk 1:13:41]} 55.
Kc4 {[%clk 0:01:13]} Qf1+ {[%clk 1:13:37]} 56. Kb3 Ra8 {[%clk 1:13:12]} 57. a5
{[%clk 0:00:59]} Rb8 {[%clk 1:12:11]} 58. Qd6 {[%clk 0:00:44]} Qb1+
{[%clk 1:12:30]} 59. Kc4 {[%clk 0:00:44]} Rc8+ {[%clk 1:12:07]} 60. Kb5
{[%clk 0:00:53]} Re8 {[%clk 1:09:58]} 61. a6 Qf5+ 62. Nd5 {[%clk 0:00:41]} Qf1+
{[%clk 1:03:44]} 63. c4 {[%clk 0:01:01]} Qb1+ {[%clk 1:03:59]} 64. Nb4
{[%clk 0:01:01]} Qa1 {[%clk 0:42:09]} 65. c5 {[%clk 0:01:35]} Re6
{[%clk 0:42:09]} 66. Qd8+ {[%clk 0:01:35]} Kg7 {[%clk 0:42:38]} 67. c6
{[%clk 0:00:41]} Qe5+ {[%clk 0:42:42]} 68. Kb6 {[%clk 0:00:33]} Qb2
{[%clk 0:41:40]} 69. Kc5 {[%clk 0:01:02]} Qc3+ {[%clk 0:40:04]} 70. Kb5
{[%clk 0:00:43]} Re5+ 71. Qd5 {[%clk 0:01:12]} Rxd5+ {[%clk 0:39:59]} 72. Nxd5
{[%clk 0:01:37]} Qd3+ {[%clk 0:32:21]} 73. Kc5 {[%clk 0:02:02]} Qxa6
{[%clk 0:31:47]} 74. c7 {[%clk 0:02:04]} Qb7 {[%clk 0:32:00]} 75. Kd6
{[%clk 0:01:06]} Kf8 {[%clk 0:32:17]} 76. Nf6 Qb6+ {[%clk 0:32:42]} 77. Kd7
{[%clk 0:01:25]} Qe6+ 0-1

[Event "Aleksandria Cup"]
[Site "?"]
[Date "2015.07.19"]
[Round "8.19"]
[White "Basencyan, Mark"]
[Black "Guseynov, Alihan"]
[Result "0-1"]
[LiveChessVersion "1.3.1"]
[BlackElo "2255"]
[WhiteElo "2165"]

1. d4 {[%clk 1:30:58]} Nf6 {[%clk 1:19:56]} 2. c4 {[%clk 1:31:17]} e6
{[%clk 1:20:19]} 3. Nc3 {[%clk 1:29:22]} Bb4 {[%clk 1:20:11]} 4. Qc2
{[%clk 1:29:42]} O-O {[%clk 1:20:24]} 5. Nf3 {[%clk 1:28:30]} c5 {[%clk 1:19:24]}
6. a3 {[%clk 1:28:44]} Bxc3+ {[%clk 1:18:39]} 7. Qxc3 cxd4 {[%clk 1:14:39]} 8.
Nxd4 {[%clk 1:25:24]} d5 {[%clk 1:11:39]} 9. cxd5 {[%clk 1:12:30]} Nxd5
{[%clk 1:01:32]} 10. Qc2 {[%clk 1:08:40]} e5 11. Nf3 {[%clk 1:08:24]} Nc6
{[%clk 0:58:56]} 12. e4 {[%clk 1:06:55]} Nf4 {[%clk 0:49:43]} 13. Bxf4
{[%clk 1:00:54]} exf4 {[%clk 0:50:06]} 14. h3 {[%clk 0:50:30]} Be6
{[%clk 0:45:07]} 15. Bd3 {[%clk 0:47:14]} Rc8 {[%clk 0:40:20]} 16. Qe2
{[%clk 0:41:20]} Qa5+ {[%clk 0:35:08]} 17. Qd2 {[%clk 0:41:48]} Rfd8
{[%clk 0:35:11]} 18. Qxa5 {[%clk 0:37:27]} Nxa5 {[%clk 0:35:25]} 19. Ke2
{[%clk 0:37:51]} Nb3 {[%clk 0:35:34]} 20. Rad1 {[%clk 0:36:54]} Nc5
{[%clk 0:30:43]} 21. Bc2 {[%clk 0:12:14]} Bc4+ {[%clk 0:22:51]} 22. Ke1
{[%clk 0:12:42]} Bd3 {[%clk 0:21:41]} 23. Bxd3 {[%clk 0:10:27]} Nxd3+
{[%clk 0:21:55]} 24. Ke2 {[%clk 0:10:41]} Rc2+ {[%clk 0:21:48]} 25. Rd2
{[%clk 0:11:10]} Nc1+ {[%clk 0:21:42]} 26. Kd1 {[%clk 0:04:50]} Rcxd2+
{[%clk 0:21:29]} 27. Nxd2 {[%clk 0:05:13]} Nb3 {[%clk 0:21:51]} 28. Kc2
{[%clk 0:05:41]} Rxd2+ {[%clk 0:22:14]} 29. Kxb3 {[%clk 0:06:08]} Rxf2
{[%clk 0:22:40]} 30. Rc1 {[%clk 0:06:21]} g5 {[%clk 0:21:50]} 31. Rc2
{[%clk 0:04:57]} Rxc2 {[%clk 0:21:54]} 32. Kxc2 {[%clk 0:05:21]} Kf8
{[%clk 0:21:59]} 33. h4 {[%clk 0:04:13]} h6 {[%clk 0:21:53]} 34. Kd3
{[%clk 0:04:09]} Ke7 {[%clk 0:22:19]} 35. e5 {[%clk 0:03:49]} Ke6
{[%clk 0:22:40]} 36. Ke4 {[%clk 0:04:14]} f5+ {[%clk 0:23:04]} 37. exf6
{[%clk 0:03:52]} Kxf6 {[%clk 0:23:31]} 38. b4 {[%clk 0:04:05]} b5
{[%clk 0:23:55]} 39. Kd5 {[%clk 0:04:06]} Ke5+ {[%clk 0:24:19]} 0-1